Ako betónovú džungľu sídlisk zadžungliť zeleňou

Bibliographic Details
Main Author: Potančok, Miro (Author)
Format: Article
Language:Slovak
Subjects:

MARC

LEADER 00000nab a2200000 a 4500
001 vtls000587965
003 SK-MaSNL
005 20260303011202.0
008 160202c1996 xo 0 slo
015 |a SNBRB19rr/mm-uuuuu 
035 |a CL0588104 
040 |a SNKBUCL  |b slo  |c SNKBUCL  |e AACR2 
041 0 |a slo 
044 |a xo  |c SK 
080 |a 711.58:061.3  |2 1981 
080 |a 712.25  |2 1981 
080 |a 728.2  |2 1981 
100 1 |a Potančok, Miro  |4 aut  |9 841272 
245 1 0 |a Ako betónovú džungľu sídlisk zadžungliť zeleňou  |c Miro Potančok 
650 0 7 |a sídliská  |2 snkbucl  |9 26585 
655 7 |a články z novín a časopisov  |2 snkbucl  |9 267496 
773 0 |t Obecné noviny  |g Roč. 6, č. 22 (1996), s. 1-2 
850 |a Slovenská národná knižnica v Martine  |a MTA001 
852 |a SNK  |b KIS3GCP 
958 |a RK 
958 |a SK 
992 |a RBX 
999 |c 1590913  |d 1592843